LEADER 05393nam 2200661Ia 450 001 9910457080503321 005 20200520144314.0 010 $a1-280-74744-7 010 $a9786610747443 010 $a0-08-046818-7 035 $a(CKB)1000000000349956 035 $a(EBL)284021 035 $a(OCoLC)271841910 035 $a(SSID)ssj0000074081 035 $a(PQKBManifestationID)11110666 035 $a(PQKBTitleCode)TC0000074081 035 $a(PQKBWorkID)10118594 035 $a(PQKB)11447366 035 $a(MiAaPQ)EBC284021 035 $a(CaSebORM)9780750677684 035 $a(Au-PeEL)EBL284021 035 $a(CaPaEBR)ebr10158356 035 $a(CaONFJC)MIL74744 035 $a(EXLCZ)991000000000349956 100 $a20050802d2005 uy 0 101 0 $aeng 135 $aur|n|---||||| 181 $ctxt 182 $cc 183 $acr 200 10$aCCTV surveillance$b[electronic resource] $evideo practices and technology /$fHerman Kruegle 205 $a2nd ed. 210 $aBoston $cElsevier Butterworth Heinemann$d2005 215 $a1 online resource (673 p.) 300 $aDescription based upon print version of record. 311 $a0-7506-7768-6 320 $aIncludes bibliographical references (p. 639-641) and index. 327 $aCover; Copyright Page; Table of Contents; Foreword; Preface; Acknowledgments; Part I; Chapter 1 Video's Critical Role in the Security Plan; 1.1 Protection of Assets; 1.1.1 Overview; 1.1.2 Background; 1.2 The Role of Video in Asset Protection; 1.2.1 Video as Part of the Emergency and Disaster Plan; 1.2.1.1 Protecting Life and Minimizing Injury; 1.2.1.2 Reducing Exposure of Physical Assets and Optimizing Loss Control; 1.2.1.3 Restoring Normal Operations Quickly; 1.2.1.4 Documenting an Emergency; 1.2.1.5 Emergency Shutdown and Restoration; 1.2.1.6 Testing the Plan 327 $a1.2.1.7 Standby Power and Communications1.2.2 Security Investigations; 1.2.3 Safety; 1.2.4 The Role of the Guard; 1.2.5 Employee Training and Education; 1.3 Synergy through Integration; 1.3.1 Integrated Functions; 1.3.2 System Hardware; 1.4 Video's Role and Its Applications; 1.4.1 Video System Solutions; 1.4.2 Overt vs. Covert Video; 1.4.3 Security Surveillance Applications; 1.4.4 Safety Applications; 1.4.5 Video Access Control; 1.5 The Bottom Line; Chapter 2 Video Technology Overview; 2.1 Overview; 2.2 The Video System; 2.2.1 The Role of Light and Reflection; 2.2.2 The Lens Function 327 $a2.2.3 The Camera Function2.2.4 The Transmission Function; 2.2.5 The Monitor Function; 2.2.6 The Recording Function; 2.3 Scene Illumination; 2.3.1 Natural Light; 2.3.2 Artificial Light; 2.4 Scene Characteristics; 2.4.1 Target Size; 2.4.2 Reflectivity; 2.4.3 Effects of Motion; 2.4.4 Scene Temperature; 2.5 Lenses; 2.5.1 Fixed-Focal-Length Lens; 2.5.2 Zoom Lens; 2.5.3 Vari-Focal Lens; 2.5.4 Panoramic-360degree Lens; 2.5.5 Covert Pinhole Lens; 2.5.6 Special Lenses; 2.6 Cameras; 2.6.1 The Scanning Process; 2.6.1.1 Raster Scanning; 2.6.1.2 Digital and Progressive Scan; 2.6.2 Solid-State Cameras 327 $a2.6.2.1 Analog2.6.2.2 Digital; 2.6.2.3 Internet; 2.6.3 Low-Light-Level Intensified Camera; 2.6.4 Thermal Imaging Camera; 2.6.5 Panoramic 360degree Camera; 2.7 Transmission; 2.7.1 Hard-Wired; 2.7.1.1 Coaxial Cable; 2.7.1.2 Unshielded Twisted Pair; 2.7.1.3 LAN, WAN, Intranet and Internet; 2.7.2 Wireless; 2.7.3 Fiber Optics; 2.8 Switchers; 2.8.1 Standard; 2.8.2 Microprocessor-Controlled; 2.9 Quads and Multiplexers; 2.10 Monitors; 2.10.1 Monochrome; 2.10.2 Color; 2.10.3 CRT, LCD, Plasma Displays; 2.10.4 Audio/Video; 2.11 Recorders; 2.11.1 Video Cassette Recorder (VCR) 327 $a2.11.2 Digital Video Recorder (DVR)2.11.3 Optical Disk; 2.12 Hard-copy Video Printers; 2.13 Ancillary Equipment; 2.13.1 Camera Housings; 2.13.1.1 Standard-rectangular; 2.13.1.2 Dome; 2.13.1.3 Specialty; 2.13.1.4 Plug and Play; 2.13.2 Pan/Tilt Mounts; 2.13.3 Video Motion Detector (VMD); 2.13.4 Screen Splitter; 2.13.5 Camera Video Annotation; 2.13.5.1 Camera ID; 2.13.5.2 Time and Date; 2.13.6 Image Reversal; 2.14 Summary; Part II; Chapter 3 Natural and Artificial Lighting; 3.1 Overview; 3.2 Video Lighting Characteristics; 3.2.1 Scene Illumination; 3.2.1.1 Daytime/Nighttime 327 $a3.2.1.2 Indoor/Outdoor 330 $aThis revision of the classic book on CCTV technology, CCTV Surveillance, provides a comprehensive examination of CCTV, covering the applications of various systems, how to design and install a system, and how to choose the right hardware. Taking into account the ever-changing advances in technology using digital techniques and the Internet, CCTV Surveillance, Second Edition, is completely updated with the recent advancements in digital cameras and digital recorders, remote monitoring via the Internet, and CCTV integration with other security systems. Continuing in th 606 $aClosed-circuit television$xDesign and construction 606 $aTelevision in security systems 608 $aElectronic books. 615 0$aClosed-circuit television$xDesign and construction. 615 0$aTelevision in security systems. 676 $a621.389/28 700 $aKruegle$b Herman$0972027 801 0$bMiAaPQ 801 1$bMiAaPQ 801 2$bMiAaPQ 906 $aBOOK 912 $a9910457080503321 996 $aCCTV surveillance$92210080 997 $aUNINA LEADER 05053nam 22006374a 450 001 9911019740703321 005 20200520144314.0 010 $a9786610519545 010 $a9781280519543 010 $a1280519541 010 $a9783527604661 010 $a3527604669 010 $a9783527604074 010 $a3527604073 035 $a(CKB)1000000000377165 035 $a(EBL)482362 035 $a(OCoLC)68571538 035 $a(SSID)ssj0000119183 035 $a(PQKBManifestationID)11129652 035 $a(PQKBTitleCode)TC0000119183 035 $a(PQKBWorkID)10058034 035 $a(PQKB)10264845 035 $a(MiAaPQ)EBC482362 035 $a(Perlego)2754271 035 $a(EXLCZ)991000000000377165 100 $a20060808d2005 uy 0 101 0 $aeng 135 $aur|n|---||||| 181 $ctxt 182 $cc 183 $acr 200 00$aCell migration in development and disease /$fedited by Doris Wedlich 210 $aWeinheim $cWiley-VCH$dc2005 215 $a1 online resource (399 p.) 300 $aDescription based upon print version of record. 311 08$a9783527305872 311 08$a3527305874 320 $aIncludes bibliographical references and index. 327 $aCell Migrationin Development and Disease; Contents; Preface; List of Contributors; Color Plates; I Cell Shape Modulations and Cell Surface-Nucleus Connections: Prerequisites for Cell Migration; 1 Functional Phases in Cell Attachment and Spreading; 1.1 Introduction; 1.2 Fibroblast Spreading on Matrices; 1.3 Summary of Spreading Process; 1.3.1 Steps in Cell Spreading; 1.3.1.1 Basal Motility Phase (Cells in Suspension); 1.3.1.2 Adhesion to the Surface; 1.3.1.3 Initiation of Actin Assembly and Spreading (Rate-limiting Step); 1.3.1.4 Continued Spreading; 1.3.1.5 Transition to Fully Spread State 327 $a1.3.2 Binding to Rigid Matrices Causes Strengthening of Cytoskeleton-Integrin Linkages1.3.2.1 Initial Binding of Fibronectin Multimers at the Leading Edge and Over Actin Cables; 1.3.2.2 Force-dependent Activation of the ECM-Integrin Complexes; 1.3.2.3 Additional Steps in the Spreading Process; 1.3.3 MTs and Motility; 1.3.4 Conclusion; 1.4 References; 2 Polarized Cell Motility: Microtubules Show the Way; 2.1 Introduction; 2.1.1 The Vasiliev Conundrum; 2.1.2 Cell Polarity and Adhesion; 2.2 Microtubules Meet the Actin Cytoskeleton at Focal Adhesions 327 $a2.3 Microtubule Targeting Promotes Focal Adhesion Turnover2.4 Contractility, the Functional Link; 2.5 Kinesin and Signal Transmission; 2.6 Tip Complexes Meet Adhesion Complexes; 2.7 Focal Adhesions Influence Microtubule Dynamics; 2.8 Actin Talks Back: Tension and Microtubule Guidance; 2.9 Conclusions and Perspectives; 2.10 Acknowledgments; 2.11 References; 3 Mechanisms of Eukaryotic Chemotaxis; 3.1 Chemotaxis is a Fundamental Cellular Response; 3.2 Directional Sensing Occurs Downstream of G Protein Activation and Upstream of the Accumulation of PI(3,4,5)P(3) 327 $a3.3 Input-Output Relationships Reveal Gradient Amplification in Polarized and Unpolarized Cells3.4 Increase in Local PI(3,4,5)P(3) Precedes Actin Polymerization Responses; 3.5 Positive Feedback and the Actin Cytoskeleton May Stabilize Directional Sensing and Establish Polarity; 3.6 References; 4 Dual Location Proteins: Communication Between Cell Adhesions and the Nucleus; 4.1 Introduction; 4.2 LIM Protein Family; 4.2.1 Zyxin Subfamily; 4.2.1.1 Zyxin; 4.2.1.2 LPP (Lipoma-Prefered Partner); 4.2.1.3 Trip6; 4.2.1.4 WTIP (Wilms Tumor protein 1 Interaction Protein); 4.2.1.5 Ajuba 327 $a4.2.2 Paxillin Subfamily4.2.2.1 Paxillin; 4.2.2.2 Hic-5; 4.3 MAGUK Protein Family; 4.3.1 ZO-1; 4.3.2 ZO-2; 4.3.3 CASK; 4.4 Armadillo Repeat Protein Family; 4.4.1 ?-catenin Armadillo Repeat Subfamily; 4.4.1.1 ?-catenin; 4.4.1.2 Plakoglobin; 4.4.2 p120 Armadillo Repeat Subfamily; 4.4.2.1 p120; 4.4.2.2 ARVCF; 4.4.2.3 Plakophilins; 4.5 Other Proteins - Symplekin; 4.6 Dual Location; 4.6.1 Sequestration of Transcriptional Regulators; 4.6.2 mRNA Localization; 4.6.3 Scaffolding; 4.7 Conclusion; 4.8 Acknowledgments; 4.9 References; II Classical Examples of Cell Migration in Development 327 $a5 Cell Migration During Zebrafish Gastrulation 330 $aCell Migration matches nearly all research areas in cell and developmental biology, genetics, and biomedicine. The field shows radical progress powered by the combination of new genomic tools, cell labeling techniques and the incorporation of new model systems. This is the first book to comprehensively cover cell migration from the identification of molecular mechanisms to the understanding of certain pathological disorders and cancer development. 606 $aCell migration$xDiseases 615 0$aCell migration$xDiseases. 676 $a571.8/35 701 $aWedlich$b Doris$01842171 801 0$bMiAaPQ 801 1$bMiAaPQ 801 2$bMiAaPQ 906 $aBOOK 912 $a9911019740703321 996 $aCell migration in development and disease$94422174 997 $aUNINA